00719nam a2200253 a 4500001001300000003000900013005001700022008004100039020000900080082001700089100002500106245003300131260003200164300000900196500003500205505001000240650002500250650001900275700002500294902000800319942000700327952011600334999001500450nice12345678IN_TiNIC20260116012916.0050524s1957 luca grp 000 0 urd  ac1000a954.031bJAF aJafary, Rayees Ahmed aWajid Ali Shah Awr Unka Ahad aLucknowbKitab Manzilc1957 a682p aincludes index and biblioraphy2 aIndex aIndia-Historiography aLucknow-Rulers1 aJafary, Rayees Ahmed bSRS cBK 001040708StackRoom-aHMIbHMId2007-04-04g10.00l0o954.031 JAFp012384r2007-04-04v10.00w2005-05-24yBK c8843d8843